header

Field guide to the normal newborn / (Record no. 107386)

MARC details
000 -LEADER
fixed length control field 01852nam a2200421 i 4500
001 - CONTROL NUMBER
control field ebr10865256
003 - CONTROL NUMBER IDENTIFIER
control field CaPaEBR
006 - FIXED-LENGTH DATA ELEMENTS--ADDITIONAL MATERIAL CHARACTERISTICS--GENERAL INFORMATION
fixed length control field m o d
007 - PHYSICAL DESCRIPTION FIXED FIELD--GENERAL INFORMATION
fixed length control field cr cn|||||||||
008 - FIXED-LENGTH DATA ELEMENTS--GENERAL INFORMATION
fixed length control field 140508t20042004paua o 001 0 eng d
020 ## - INTERNATIONAL STANDARD BOOK NUMBER
Cancelled/invalid ISBN 9780781728775
International Standard Book Number 9781451166590 (e-book)
040 ## - CATALOGING SOURCE
Original cataloging agency CaPaEBR
Language of cataloging eng
Description conventions rda
-- pn
Transcribing agency CaPaEBR
035 ## - SYSTEM CONTROL NUMBER
System control number (OCoLC)880453678
050 14 - LIBRARY OF CONGRESS CALL NUMBER
Classification number RJ251
Item number .E464 2004eb
082 04 - DEWEY DECIMAL CLASSIFICATION NUMBER
Classification number 618.92/01
Edition number 22
100 1# - MAIN ENTRY--PERSONAL NAME
Personal name Emmett, Gary A.,
Relator term author.
245 10 - TITLE STATEMENT
Title Field guide to the normal newborn /
Statement of responsibility, etc Gary A. Emmett ; Timothy Hiscock, acquisitions editor ; Lisa Consoli, developmental editor ; Jeff Somers, production editor ; Patricia Gast, cover designer.
250 ## - EDITION STATEMENT
Edition statement First edition.
264 #1 - PRODUCTION, PUBLICATION, DISTRIBUTION, MANUFACTURE, AND COPYRIGHT NOTICE
Place of production, publication, distribution, manufacture Philadelphia, Pennsylvania :
Name of producer, publisher, distributor, manufacturer Lippincott Williams & Wilkins,
Date of production, publication, distribution, manufacture, or copyright notice 2004.
Date of production, publication, distribution, manufacture, or copyright notice �2004
300 ## - PHYSICAL DESCRIPTION
Extent 1 online resource (277 pages) :
Other physical details illustrations
336 ## - CONTENT TYPE
Content type term text
Source rdacontent
337 ## - MEDIA TYPE
Media type term computer
Source rdamedia
338 ## - CARRIER TYPE
Carrier type term online resource
Source rdacarrier
500 ## - GENERAL NOTE
General note Includes index.
588 ## - SOURCE OF DESCRIPTION NOTE
Source of description note Description based on print version record.
590 ## - LOCAL NOTE (RLIN)
Local note Electronic reproduction. Palo Alto, Calif. : ebrary, 2014. Available via World Wide Web. Access may be limited to ebrary affiliated libraries.
650 #0 - SUBJECT ADDED ENTRY--TOPICAL TERM
Topical term or geographic name as entry element Neonatology.
655 #0 - INDEX TERM--GENRE/FORM
Genre/form data or focus term Electronic books.
700 1# - ADDED ENTRY--PERSONAL NAME
Personal name Hiscock, Timothy,
Relator term editor.
Personal name Consoli, Lisa,
Relator term editor.
Personal name Somers, Jeff,
Relator term editor.
Personal name Gast, Patricia,
Relator term cover designer.
776 08 - ADDITIONAL PHYSICAL FORM ENTRY
Display text Print version:
Main entry heading Emmett, Gary A.
Title Field guide to the normal newborn.
Edition First edition.
Place, publisher, and date of publication Philadelphia, Pennsylvania : Lippincott Williams & Wilkins, c2004
Physical description xiv, 266 pages
International Standard Book Number 9780781728775
Record control number 2004008104
797 2# - LOCAL ADDED ENTRY--CORPORATE NAME (RLIN)
Corporate name or jurisdiction name as entry element ebrary.
856 40 - ELECTRONIC LOCATION AND ACCESS
Uniform Resource Identifier <a href="http://site.ebrary.com/lib/rucke/Doc?id=10865256">http://site.ebrary.com/lib/rucke/Doc?id=10865256</a>
Public note An electronic book accessible through the World Wide Web; click to view

No items available.

© 2026 Rongo University
Contact us: librarian | system librarian | Rongo university